Concilium Provinciale Braccaren. IIII Pontificatus Sanctiss. D. N. Pii. V. anno 2. regni vero potentiss. piissimiq. regis nostri Sebastiani huius nois primi anno. 10. praesidente illustriss. ac reverediss. in Christo Patre Fratre Bartholomaeo à martyribus Archiep.o & D.no Braccaren. huius p.vinciae metropolitano & Hispaniarum primate. Co.sidentib. reverendiss. in Christo patrib. Roderico Pinario Portugallen. Ioanne Soarez Conimbricen. Arganilli Comité. Antonio Pinario Miranden. Con p.vincialib. episcopis. (Record n. 30205)

Dettagli MARC
000 -LEADER
fixed length control field 02281nam a22003137a 4500
003 - CONTROL NUMBER IDENTIFIER
control field IT-RoINE
005 - DATE AND TIME OF LATEST TRANSACTION
control field 20210416095111.0
008 - FIXED-LENGTH DATA ELEMENTS--GENERAL INFORMATION
fixed length control field 190430b xxu||||| |||| 00| | lat d
026 ## - FINGERPRINT IDENTIFIER
First and second groups of characters neo- ansa
Third and fourth groups of characters t.sp deau (3)
Date 1567 (A)
040 ## - CATALOGING SOURCE
Transcribing agency IT-RoINE
Modifying agency IT-RoINE
110 1# - MAIN ENTRY--CORPORATE NAME
Corporate name or jurisdiction name as entry element Braga.
Subordinate unit Arquidiocese.
-- Concílio Provincial,
-- 4,
Location of meeting Braga
Date of meeting or treaty signing 1566
9 (RLIN) 59213
245 1# - TITLE STATEMENT
Title Concilium Provinciale Braccaren. IIII Pontificatus Sanctiss. D. N. Pii. V. anno 2. regni vero potentiss. piissimiq. regis nostri Sebastiani huius nois primi anno. 10. praesidente illustriss. ac reverediss. in Christo Patre Fratre Bartholomaeo à martyribus Archiep.o & D.no Braccaren. huius p.vinciae metropolitano & Hispaniarum primate. Co.sidentib. reverendiss. in Christo patrib. Roderico Pinario Portugallen. Ioanne Soarez Conimbricen. Arganilli Comité. Antonio Pinario Miranden. Con p.vincialib. episcopis.
246 3# - VARYING FORM OF TITLE
Title proper/short title Concilium Provinciale Braccaren. IIII Pontificatus Santiss. D. N. Pii V. anno 2. Regni vero potentiss. piissimiq. regis nostri Sebastiani huius nominis primi anno 10. praesidente illustriss. ac reverendiss. in Christo Patre Fratre Bartholomaeo a martyribus archiepiscopo & domino Braccaren. huius Provinciae Metropolitano & Hispaniarum primate. considentib. reverendiss. in Christo patrib. Roderico Pinario Portugallen. Ioanne Soarez Conimbricen. Arganilli comite. Antonio Pinario Miranden. con provincialib. episcopis.
260 ## - PUBLICATION, DISTRIBUTION, ETC. (IMPRINT)
Place of publication, distribution, etc Braccarae :
Name of publisher, distributor, etc apud Antonium a Maris Typographum Reuerendiss. D. Archiep. Hispaniarum Primatis,
Date of publication, distribution, etc 1567
300 ## - PHYSICAL DESCRIPTION
Extent [29], [3] p. en b., 128, [1] p. en b. ;
Dimensions
336 ## - CONTENT TYPE
Source rdacontent
Content type term text
337 ## - MEDIA TYPE
Source rdamedia
Media type term unmediated
338 ## - CARRIER TYPE
Source rdacarrier
Carrier type term volume
594 ## - LOCAL NOTE (RLIN)--TITLE AND MAIN ENTRY
Title and main entry note Palabras contratadas en el título.
595 ## - LOCAL NOTE (RLIN)--EDITION STATEMENT
Edition statement note Nota en pie de la portada: Taxado em papel a cincoenta res.
597 ## - LOCAL NOTE (RLIN)--PHYSICAL DESCRIPTION
Physical description note Sign.: [+]8 A-R8.
597 ## - LOCAL NOTE (RLIN)--PHYSICAL DESCRIPTION
Physical description note Escudo xilográfico en portada.
599 ## - LOCAL NOTE (RLIN)--ILLUSTRATIONS
Illustrations note Iniciales y frisos xilográficos.
700 1# - ADDED ENTRY--PERSONAL NAME
Personal name Mariz, António de,
Dates associated with a name activo 1556-1599
Relator term impresor
9 (RLIN) 59214
700 1# - ADDED ENTRY--PERSONAL NAME
9 (RLIN) 59215
Personal name Pinarius, Antonius,
Dates associated with a name Siglo 16o.
752 ## - ADDED ENTRY--HIERARCHICAL PLACE NAME
Country or larger entity Portugal,
City Braga
9 (RLIN) 59216
856 41 - ELECTRONIC LOCATION AND ACCESS
Uniform Resource Identifier https://reader.digitale-sammlungen.de/en/fs1/object/display/bsb10206069_00005.html
Public note Enlace a MDZ-Reader Bayerische Staatsbibliothek
942 ## - ADDED ENTRY ELEMENTS (KOHA)
Source of classification or shelving scheme Iglesia Nacional Española en Roma
Item type Libro antiguo
Dati di copia
Withdrawn status Lost status Source of classification or shelving scheme Damaged status Not for loan Home library Current library Shelving location Date acquired Total Checkouts Full call number Barcode Date last seen Price effective from Koha item type Public note
    Dewey Decimal Classification     Iglesia Nacional Española en Roma Iglesia Nacional Española en Roma Estudio bibliotecario 30/04/2019   ANT.B 16.1 56208 30/04/2019 30/04/2019 Libro antiguo Cubierta en pergamino. Sello en portada: INSTITUTO ESPAÑOL DE ESTUDIOS ECLESIASTICOS ROMA BIBLIOTECA. Encuadernado con "Synodus dioecesana, Valentiæ celebrata..."